Poľovný revír a bažantnica Palárikovo v premenách času

Bibliographic Details
Main Author: Szabó, Imrich, 1952- (Author, Photographer)
Other Authors: Micháľ, Patrik (Photographer), Morvay, Rastislav (Photographer), Zálešák, Miloš (Photographer), Tóth, František (Photographer), Tóth, Zoltán (Photographer), Molnár, Branislav, 1969- (Photographer), Lengyel, Jozef (Photographer), Senko, Dušan (Photographer), Dítě, Daniel, 1968- (Photographer), Chavko, Jozef, 1954- (Photographer), Bohuš, Mirko, 1965- (Photographer)
Format: Book
Language:Slovak
PhysicalDescription:399 strán faksimile, fotografie (prevažne farebné), grafy, mapy, tabuľky 31 cm
Published: [Bratislava] [Dubari] 2017
ISBN:9788097041199
Edition:Prvé vydanie
Subjects:

MARC

LEADER 00000nam a2200000 4500
001 vtls011758194
003 SK-MaSNL
005 20260301095635.0
008 200316s2017 xo hodbg n 000 0 slo
015 |a SNBA2018/06 
020 |a 9788097041199  |q (viazané) 
035 |a urn:nbn:sk:snk-am00dgzf 
035 |a urn:nbn:sk:snk-am3i1x8 
035 |a F56982E0-6DDA-4070-AEF7-033464FA37F0 
040 |a SNK  |b slo  |c SNK  |e rda 
041 0 |a slo 
043 |a e-xo--- 
044 |a xo  |c SK 
072 7 |a 639.1  |x Poľovníctvo  |2 konspekt 
080 |a 639.123  |2 2011 
080 |a (437.6)  |2 2011 
080 |a (048.8)  |2 2011 
080 |a 639.123.04.06  |2 2001 
080 |a 639.1  |2 2011 
080 |a (082.2)  |2 2011 
100 1 |a Szabó, Imrich,  |d 1952-  |4 aut  |4 pht  |9 177406 
245 1 0 |a Poľovný revír a bažantnica Palárikovo v premenách času  |c Imrich Szabó ; odborné konzultácie: Andrej Kubica, Ján Danko, Imrich Šuba ; fotografie: Patrik Micháľ ... a 11 ďalších fotografov 
250 |a Prvé vydanie 
264 1 |a [Bratislava]  |b [Dubari]  |c 2017 
300 |a 399 strán  |b faksimile, fotografie (prevažne farebné), grafy, mapy, tabuľky  |c 31 cm 
336 |a text  |b txt  |2 rdacontent 
337 |a bez média  |b n  |2 rdamedia 
338 |a zväzok  |b nc  |2 rdacarrier 
500 |a Vydavateľské údaje podľa NA ISBN 
504 |a Bibliografia na strane 388-390 ; poznámky ; slovensko-maďarský slovník použitých geografických výrazov ; slovensko-maďarsko-latinský zoznam rastlín ; slovensko-maďarsko-latinský zoznam živočíchov 
650 0 7 |a poľovníctvo  |2 SNKPH  |9 2774 
650 0 7 |a Hunting  |2 SNKPHeng  |9 265411 
650 0 7 |a bažantnice  |2 SNKPH  |9 116967 
650 0 7 |a Pheasantries  |2 SNKPHeng  |9 173807 
650 0 7 |a bažanty  |2 SNKPH  |9 2746 
650 0 7 |a Pheasants  |2 SNKPHeng  |9 431309 
651 7 |a Palárikovo (Slovensko)  |2 SNKPHgeo  |9 66577 
651 7 |a Palárikovo (Slovakia)  |2 SNKPHeng  |9 318033 
655 7 |a monografie  |2 SNKPH  |9 70139 
655 7 |a Monographs  |2 SNKPHeng  |9 120675 
655 7 |a jubilejné publikácie  |2 SNKPH  |9 70339 
655 7 |a Jubilee books  |2 SNKPHeng  |9 281827 
700 1 |a Kubica, Andrej  |4 csl  |9 431310 
700 1 |a Danko, Ján  |4 csl  |9 72759 
700 1 |a Šuba, Imrich  |4 csl  |9 413453 
700 1 |a Micháľ, Patrik  |4 pht  |9 431311 
700 1 |a Morvay, Rastislav  |4 pht  |9 431312 
700 1 |a Zálešák, Miloš  |4 pht  |9 431313 
700 1 |a Tóth, František  |4 pht  |9 14612 
700 1 |a Tóth, Zoltán  |4 pht  |9 431314 
700 1 |a Molnár, Branislav,  |d 1969-  |4 pht  |9 37095 
700 1 |a Lengyel, Jozef  |4 pht  |9 5626 
700 1 |a Senko, Dušan  |4 pht  |9 321507 
700 1 |a Dítě, Daniel,  |d 1968-  |4 pht  |9 214518 
700 1 |a Chavko, Jozef,  |d 1954-  |4 pht  |9 262177 
700 1 |a Bohuš, Mirko,  |d 1965-  |4 pht  |9 97724 
919 |a 978-80-970411-9-9 
958 |a NB 
999 |c 683713  |d 685643 
952 |a SNK  |b SNK  |y PREZ  |7 0  |p 17A1331176  |o snkSB 92818  |i snk2018/11369  |8 0  |0 0  |1 0  |4 0  |d 2018-05-24  |f 1  |l 0  |r 2025-05-14 00:00:00  |w 2026-02-23 
952 |a SNK  |b SNK  |y VYP  |7 0  |p 17A1331177  |o snkSB 92818 D1  |i snk2018/11370  |8 0  |0 0  |1 0  |4 0  |d 2018-05-24  |l 0  |r 2026-02-23 20:04:42  |w 2026-02-23